Introducción a la dínamica de grupo (Registro nro. 2596)

Detalles MARC
000 -LEADER
fixed length control field 00903 a2200193 4500
001 - CONTROL NUMBER
control field 35952
005 - DATE AND TIME OF LATEST TRANSACTION
control field 20260407155637.0
008 - FIXED-LENGTH DATA ELEMENTS--GENERAL INFORMATION
fixed length control field 260407a1979 arg spa d
003 - CONTROL NUMBER IDENTIFIER
control field AR-UNSa-BCEJYS
040 ## - CATALOGING SOURCE
Original cataloging agency AR-UNSa-BCEJYS
Language of cataloging spa
Transcribing agency AR-UNSa-BCEJYS
080 ## - UNIVERSAL DECIMAL CLASSIFICATION NUMBER
Universal Decimal Classification number 658.312.4
Common auxiliary subdivision Educación y adiestramiento (capacitación, formación, carrera...)
100 1# - MAIN ENTRY--PERSONAL NAME
Personal name Husenman, Samuel
245 10 - TITLE STATEMENT
Title Introducción a la dínamica de grupo
Name of part/section of a work el grupo T como herramienta de laboratorio
264 #1 - PRODUCTION, PUBLICATION, DISTRIBUTION, MANUFACTURE, AND COPYRIGHT NOTICE
Place of production, publication, distribution, manufacture México :
Name of producer, publisher, distributor, manufacturer Trillas
Date of production, publication, distribution, manufacture, or copyright notice 1979
300 ## - PHYSICAL DESCRIPTION
Extent 93 p.
Dimensions 25 cm.
505 ## - FORMATTED CONTENTS NOTE
Formatted contents note 1. Entrenamiento en relaciones ineterpersonales - 2. Fundamentos teóricos del grupo T - 3. Aspectos relevantes en la categorización de diferentes tipos del grupo T - 4. Fases de desarrollo de un grupo T - 5. Teorías sobre el proceso de aprendizaje en grupo T - 6. Conclusiones generales.
590 ## - LOCAL NOTE (RLIN)
Local note niveau_biblio:m niveau_hierar:0
942 ## - ADDED ENTRY ELEMENTS (KOHA)
Koha item type
Existencias
Withdrawn status Lost status Damaged status Not for loan Home library Current library Shelving location Date acquired Total checkouts Full call number Barcode Date last seen Price effective from Koha item type
        Biblioteca Prof. Eusebio Cleto del Rey Biblioteca Prof. Eusebio Cleto del Rey   07/04/2026   658.312.4 H969 L39081 07/04/2026 07/04/2026 Libro